| 000 | 01091cac a22002891u 4500 | ||
|---|---|---|---|
| 090 | _c8631 | ||
| 008 | 081222t 2007xxu||||| |||| 00| 0 eng d | ||
| 010 | _a 2006908239 | ||
| 020 | _a0324074778 (pbk. ) | ||
| 020 | _a9780324074772 (pbk. ) | ||
| 035 | _a(OCoLC)ocm77645445 | ||
| 035 | _a(OCoLC)77645445 | ||
| 082 |
_a658.872 _bHAN |
||
| 100 | _aHanson, Ward A. | ||
| 245 | 1 | 0 |
_aInternet marketing & e-commerce / _cWard A. Hanson, Kirthi Kalyanam. |
| 246 | 3 | _aInternet marketing and e-commerce | |
| 250 | _aStudent ed. | ||
| 260 |
_aAustralia ; _aMason, OH : _bThomson/South-Western, _cc2007. |
||
| 260 | _bDistributer: Baccah. | ||
| 300 |
_axiii, 642 p. : _bcol. ill ; _c25 cm. |
||
| 504 | _aIncludes bibliographical references (p. [605]-622) and index | ||
| 650 | 0 | _aInternet marketing. | |
| 650 | 0 | _aElectronic commerce. | |
| 700 | 1 | _aKalyanam, Kirthi. | |
| 942 |
_cBB _k658.872HAN _2ddc |
||
| 999 |
_c8631 _d8631 |
||